Politics, ethics and social resposibility of business / (Record no. 132823)

MARC details
000 -LEADER
fixed length control field 00765nam a22002417a 4500
005 - DATE AND TIME OF LATEST TRANSACTION
control field 20170124110200.0
010 ## - LIBRARY OF CONGRESS CONTROL NUMBER
LC control number B-422590
020 ## - INTERNATIONAL STANDARD BOOK NUMBER
Terms of availability 00.00
International Standard Book Number 9788131731475
035 ## - SYSTEM CONTROL NUMBER
System control number B-422590
037 ## - SOURCE OF ACQUISITION
Source of stock number/acquisition Cen Lib/Ret
040 ## - CATALOGING SOURCE
Original cataloging agency DPL
Language of cataloging EN
082 ## - DEWEY DECIMAL CLASSIFICATION NUMBER
Classification number 174.4
Item number BHA
100 ## - MAIN ENTRY--PERSONAL NAME
Personal name Bhanu Murthy, K. V.
9 (RLIN) 35847
245 ## - TITLE STATEMENT
Title Politics, ethics and social resposibility of business /
Statement of responsibility, etc by K.V. Bhanu, Murthy [and] Usha Krishna
260 ## - PUBLICATION, DISTRIBUTION, ETC. (IMPRINT)
Place of publication, distribution, etc New Delhi
Name of publisher, distributor, etc Doring Kindersley
Date of publication, distribution, etc 2010
270 ## - ADDRESS
City New Delhi
Address 14 local shopping centre, Pachsheel park
Postal code 110017
300 ## - PHYSICAL DESCRIPTION
Extent xii,314p.
Dimensions 22cm(pbk)
500 ## - GENERAL NOTE
General note Includes index
650 ## - SUBJECT ADDED ENTRY--TOPICAL TERM
Topical term or geographic name as entry element Psychology
9 (RLIN) 86262
650 ## - SUBJECT ADDED ENTRY--TOPICAL TERM
Topical term or geographic name as entry element Ethics
9 (RLIN) 11191
700 ## - ADDED ENTRY--PERSONAL NAME
Personal name Usha Krishna
9 (RLIN) 86263
942 ## - ADDED ENTRY ELEMENTS (KOHA)
Source of classification or shelving scheme Dewey Decimal Classification
Koha item type English Books
Classification part 171.4
Call number suffix BHA
Holdings
Withdrawn status Lost status Damaged status Not for loan Home library Current library Date acquired Source of acquisition Cost, normal purchase price Total Checkouts Full call number Barcode Date last seen Date checked out Copy number Cost, replacement price Price effective from Koha item type
        Central Library Central Library 23/07/2015 Cen Lib/Ret 0.00 6 174.4 BHA B-422590 17/05/2025 30/04/2025 1 0.00 23/07/2015 English Books

© Delhi Public Library
Hit Counter
free hit counter